Guess the Taylor Swift Song #1 - Statistics

General Stats
  • This quiz has been taken 25 times
  • The average score is 216 of 318
Answer Stats
Answer % Correct
a
100%
I
100%
it
100%
it,
100%
me
100%
the
100%
The
100%
when
100%
my
95%
My
95%
to
95%
You
95%
you
95%
And
90%
and
90%
if
90%
so
90%
So
90%
this
90%
we
90%
don't
85%
I'm
85%
In
85%
in
85%
on
85%
there
85%
We're
85%
your
85%
you're
85%
it's
80%
It's
80%
know
80%
not
80%
how
75%
just
75%
of
75%
Oh
75%
oh
75%
Oh,
75%
But
70%
but
70%
get
70%
I'd
70%
now
70%
off
70%
one
70%
why
70%
here
65%
want
65%
'Cause
60%
down
60%
than
60%
up
60%
way
60%
with
60%
right
55%
Yeah
55%
yeah
55%
baby
50%
hand
50%
moment
50%
out
50%
There's
50%
better
45%
dance
45%
Fearless
45%
first
45%
gets
45%
head
45%
really
45%
stay
45%
take
45%
ask
40%
best
40%
'bout
40%
drag
40%
dress
40%
eyes
40%
hair
40%
hands
40%
makin'
40%
more
40%
somethin'
40%
through
40%
'Til
40%
wanna
40%
Well
40%
capture
35%
car
35%
cool
35%
drive
35%
kiss,
35%
looks
35%
lot
35%
middle
35%
put
35%
remember
35%
road
35%
Run
35%
run
35%
slow
35%
something,
35%
storm
35%
tryin'
35%
walk
35%
Absent
30%
caught
30%
drivin'
30%
glow
30%
hard
30%
horse
30%
little
30%
mindedly
30%
parking
30%
passenger
30%
pavement
30%
rained
30%
seat
30%
shake
30%
stood
30%
street
30%
town
30%
wonder
30%
doorway
25%
flawless,
25%
pull
25%
usually
25%
brave
20%
No matching quizzes found
Score Distribution
Percent of People with Each Score
Percentile by Number Answered
Your Score History
You have not taken this quiz